Navigating Co-Creation Processes to Build Sustainable Agroecological Systems (notice n° 1848417)
[ vue normale ]
| 000 -LEADER | |
|---|---|
| fixed length control field | 02008cam a2200253 4500500 |
| 005 - DATE AND TIME OF LATEST TRANSACTION | |
| control field | 20260329005957.0 |
| 041 ## - LANGUAGE CODE | |
| Language code of text/sound track or separate title | fre |
| 042 ## - AUTHENTICATION CODE | |
| Authentication code | dc |
| 100 10 - MAIN ENTRY--PERSONAL NAME | |
| Personal name | Matt, Mireille |
| Relator term | author |
| 245 00 - TITLE STATEMENT | |
| Title | Navigating Co-Creation Processes to Build Sustainable Agroecological Systems |
| 260 ## - PUBLICATION, DISTRIBUTION, ETC. | |
| Date of publication, distribution, etc. | 2025.<br/> |
| 500 ## - GENERAL NOTE | |
| General note | 72 |
| 520 ## - SUMMARY, ETC. | |
| Summary, etc. | Transformative Innovation Policies in the agricultural sector (Agroecology Partnership, ACROPICS (https://acp-initiative.com/fr/acropics/) increasingly support Living Labs (LL) to foster agroecological transition. LLs are place-based, real-world experimentations in which actors of the quadruple helix are involved in participatory co-creation processes, to generate innovative solutions. While the literature recognizes the transformative potential of co-creation processes in LLs, few papers explain the “transformative” pathways and the factors enabling systemic changes. We contend that to be transformative, the pathways should be anticipated by a network of actors involved in, and those beyond, the co-creation processes, aiming at developing sustainable agroecological systems (SAS). The aim of this paper is to highlight that embedding real-time monitoring and futuring exercises in LLs’ co-creation processes enables actors to uncover relevant pathways: expected transformations, aligned alternative solutions and a set of leverage points enabling to accelerate the circulation and generalization of the co-created solutions and thus agroecological transition. |
| 690 ## - LOCAL SUBJECT ADDED ENTRY--TOPICAL TERM (OCLC, RLIN) | |
| Topical term or geographic name as entry element | Co-Creation Processes |
| 690 ## - LOCAL SUBJECT ADDED ENTRY--TOPICAL TERM (OCLC, RLIN) | |
| Topical term or geographic name as entry element | Leverage Points |
| 690 ## - LOCAL SUBJECT ADDED ENTRY--TOPICAL TERM (OCLC, RLIN) | |
| Topical term or geographic name as entry element | Societal Transformations |
| 690 ## - LOCAL SUBJECT ADDED ENTRY--TOPICAL TERM (OCLC, RLIN) | |
| Topical term or geographic name as entry element | Sustainable Agroecosystems |
| 700 10 - ADDED ENTRY--PERSONAL NAME | |
| Personal name | Loconto, Alison |
| Relator term | author |
| 700 10 - ADDED ENTRY--PERSONAL NAME | |
| Personal name | Van Dis, Renée |
| Relator term | author |
| 700 10 - ADDED ENTRY--PERSONAL NAME | |
| Personal name | Lhoste, Évelyne |
| Relator term | author |
| 700 10 - ADDED ENTRY--PERSONAL NAME | |
| Personal name | Jimenez, Alejandra |
| Relator term | author |
| 786 0# - DATA SOURCE ENTRY | |
| Note | Innovations | hors-série | HS1 | 2025-10-10 | p. 52-52 | 1267-4982 |
| 856 41 - ELECTRONIC LOCATION AND ACCESS | |
| Uniform Resource Identifier | <a href="https://shs.cairn.info/journal-innovations-2025-HS1-page-52?lang=en&redirect-ssocas=7080">https://shs.cairn.info/journal-innovations-2025-HS1-page-52?lang=en&redirect-ssocas=7080</a> |
Pas d'exemplaire disponible.




Réseaux sociaux